| 000 | 00515nam a22001817a 4500 | ||
|---|---|---|---|
| 003 | OSt | ||
| 005 | 20140310181910.0 | ||
| 008 | 130712t xxu||||| |||| 00| 0 eng d | ||
| 050 |
_aBV 4598.3 _b.D665 2008 |
||
| 082 |
_aTR 248.4 _bD69 2008 |
||
| 245 |
_a8 Steps to create the life you want : The Anatomy of a successful life / _cCreflo A. Dollar |
||
| 260 |
_aNew York : _bFaith Words, _cc2008. |
||
| 300 |
_a327 p. _c20 cm. |
||
| 521 | _aFaculty | ||
| 541 | _j1 | ||
| 562 | _e1 | ||
| 942 |
_2lcc _cBK-TR _kTR |
||
| 999 |
_c6498 _d6498 |
||